MARC details
| 000 -CABECERA |
| campo de control de longitud fija |
01708nam a2200241 a 4500 |
| 001 - NÚMERO DE CONTROL |
| campo de control |
000012015 |
| 005 - FECHA Y HORA DE LA ÚLTIMA TRANSACCIÓN |
| campo de control |
20240306073909.0 |
| 008 - DATOS DE LONGITUD FIJA--INFORMACIÓN GENERAL |
| campo de control de longitud fija |
081124s1978 cu a 000 0 spa d |
| 040 ## - FUENTE DE LA CATALOGACIÓN |
| Centro catalogador/agencia de origen |
DO-SdBNP |
| Lengua de catalogación |
spa |
| Centro/agencia transcriptor |
BNPHU |
| 082 ## - NÚMERO DE LA CLASIFICACIÓN DECIMAL DEWEY |
| Número de clasificación |
Cu863.5 |
| Número de documento/Ítem |
M378e |
| 100 1# - ENTRADA PRINCIPAL--NOMBRE DE PERSONA |
| Nombre de persona |
Martí, José, |
| Fechas asociadas al nombre |
1853-1895 |
| 9 (RLIN) |
645 |
| 245 13 - MENCIÓN DE TÍTULO |
| Título |
La edad de oro / |
| Mención de responsabilidad, etc. |
José Martí. |
| 260 ## - PUBLICACIÓN, DISTRIBUCIÓN, ETC. |
| Lugar de publicación, distribución, etc. |
La Habana : |
| Nombre del editor, distribuidor, etc. |
Gente Nueva, |
| Fecha de publicación, distribución, etc. |
1978. |
| 300 ## - DESCRIPCIÓN FÍSICA |
| Extensión |
235 p. : |
| Otras características físicas |
il. ; |
| Dimensiones |
19 cm. |
| 500 ## - NOTA GENERAL |
| Nota general |
Este libro está formado con los cuatro números de la revista La edad de oro, que Martí escribió para los niños de América. La revista se publicó en Nueva York, en los meses de julio, agosto, septiembre y octubre del año 1889. Los grabados son reproducción de los originales de la revista. |
| 505 0# - NOTA DE CONTENIDO CON FORMATO |
| Nota de contenido con formato |
Primer número. A los niños que lean La Edad de Oro -- Tres héroes -- Dos milagros -- Meñique -- Cada uno a su oficio -- La Ilíada, de Homero -- Un juego nuevo y otros viejos -- Bebé y el señor don Pomposo -- La última página |
| 505 0# - NOTA DE CONTENIDO CON FORMATO |
| Nota de contenido con formato |
Segundo número. La historia del hombre contada por sus casas -- Los dos príncipes -- Nené traviesa -- La perla de la mora -- Las ruinas indias -- Músicos, poetas y pintores -- La última página |
| 505 0# - NOTA DE CONTENIDO CON FORMATO |
| Nota de contenido con formato |
Tercer número. La exposición de París -- El camarón encantado -- El padre las Casas -- Los zapaticos de rosa -- La última página |
| 505 0# - NOTA DE CONTENIDO CON FORMATO |
| Nota de contenido con formato |
Cuarto número. Un paseo por la tierra de los anamitas -- Historia de la cuchara y el tenedor -- La muñeca negra -- Cuentos de elefantes -- Los dos ruiseñores -- La galería de las máquinas -- La última página. |
| 650 #4 - PUNTO DE ACCESO ADICIONAL DE MATERIA--TÉRMINO DE MATERIA |
| Término de materia o nombre geográfico como elemento de entrada |
Literatura infantil cubana |
| 9 (RLIN) |
647 |
| 650 #4 - PUNTO DE ACCESO ADICIONAL DE MATERIA--TÉRMINO DE MATERIA |
| Término de materia o nombre geográfico como elemento de entrada |
Cuentos cubanos |
| 9 (RLIN) |
1482 |
| 910 ## - DATOS DE OPCIÓN DEL USUARIO (OCLC) |
| Datos de opción del usuario |
Validado. Control de calidad MFF |